Narrative Of The Life Of Frederick Douglass,An American Slave
| Main Author: | |
|---|---|
| Format: | Book |
| Language: | English |
| Published: |
New York :
Penguin Books ,
2014
|
| Subjects: |
MARC
| LEADER | 00000cam a2200000 7i4500 | ||
|---|---|---|---|
| 001 | 0000112092 | ||
| 005 | 20150129.0 | ||
| 008 | 150129 eng | ||
| 020 | |a 9780143107309 | ||
| 090 | 0 | 0 | |a 973.8092 DOU |
| 100 | 1 | |a Douglass, Frederick | |
| 245 | 1 | 0 | |a Narrative Of The Life Of Frederick Douglass,An American Slave |c Frederick Douglass |
| 260 | |a New York : |b Penguin Books , |c 2014 | ||
| 300 | |a xxix;190p. ; |c 20cm. | ||
| 650 | 0 | 0 | |a Douglass, Frederick |
| 999 | |a 0000317174 |b Buku |c Lincoln Corner Rak Terbuka |e Perbadanan Perpustakaan Awam Melaka | ||